000 00371nam a2200157Ia 4500
999 _c5941
_d5941
003 OSt
005 20240315180537.0
008 200302s9999 xx 000 0 und d
100 _aCliff Moughtin and Other
245 _aUrban design street and square
250 _a 3ed
260 _bTaylor and francis group Publishd
260 _c2003
300 _a300
942 _2ddc